000 00792nam a22002177a 4500
005 20090821102248.0
008 090821t xxu||||| |||| 00| 0 eng d
010 _aENG-94287
020 _a9788184551112
_c400.00
035 _aEN-77820
037 _bDBAD / PUB
040 _adpl
_bEnglish
082 _a881.08
100 _aShiv Shanker
245 _aFourteen gems of english poetry /
_cby Shiv Shankar
260 _aNew Delhi
_bOmega Publications
_c2009
270 _a4398/5, Ansari Road, Daryaganj
_bNew Delhi
_e110002
300 _a165p.
_c23cm(Hb)
942 _2ddc
_cEN
_h881.08
_mSHI
999 _c29355
_d29355